| 000 | 00606nam a22001697a 4500 | ||
|---|---|---|---|
| 020 | _qHard Cover. | ||
| 082 | _a670.5 | ||
| 100 | _aSyed Waqar Hyder Kazmi. | ||
| 245 |
_aTo Design, Develop and Test Strain Gauge Based Dynamometer for Measuring Cutting Forces in Turning / _cSyed Waqar Hyder Kazmi. |
||
| 260 |
_aIslamabad: _bSMME-NUST. _c2015. |
||
| 300 |
_ax, 42 p. : ill. ; _c30cm. |
||
| 650 |
_aMs Thesis. _918721 |
||
| 700 |
_aDr. Mushtaq Khan. _916155 |
||
| 856 | _u http://10.250.8.41:8080/xmlui/handle/123456789/10655 | ||
| 942 |
_2ddc _cTHE |
||
| 999 |
_c529256 _d529256 |
||